00490nam a2200205Ia 4500008004100000020001800041050001400059100002300073245002800096245002600124260001500150260001600165260000900181300001500190300002700205300001000232440002700242440000700269500000800276170918s9999 xx 000 0 und d a9780439429351 bS783 2003 aStamper, Judith B. aVoyage to the volcano / cJudith Bauer Stamper. aNew York : bScholastic, c2003 a87 pages : bcolored illustration ; c19cm. aThe magic school bus ; v15 a620